| 000 | 01833cam a2200265 a 4500 | ||
|---|---|---|---|
| 999 |
_c10419 _d10419 |
||
| 003 | OSt | ||
| 005 | 20220316184054.0 | ||
| 008 | 110303s2011 ctua b 001 0 eng | ||
| 010 | _a 2011009738 | ||
| 020 | _a9780300169140 (cloth : alk. paper) | ||
| 082 | 0 | 0 |
_a724/.6089924 _222 |
| 100 | 1 |
_aRosenfeld, Gavriel David, _d1967- |
|
| 245 | 1 | 0 |
_aBuilding after Auschwitz : _bJewish architecture and the memory of the Holocaust / _cGavriel D. Rosenfeld. |
| 246 | 3 | 0 | _aJewish architecture and memory after the Holocaust |
| 260 |
_aNew Haven [Conn.] ; _aLondon : _bYale University Press, _c2011. |
||
| 300 |
_aix, 438 p. : _bill. (some col.) ; _c27 cm. |
||
| 504 | _aIncludes bibliographical references (p. 357-415) and index. | ||
| 505 | 0 | _aIntroduction -- Jewish architecture before the Holocaust. From the wilderness to World War II: a brief history of Jewish architecture -- After the Holocaust: Jewish architecture in the era of Modernism. Adorno's echoes: the Holocaust's cultural legacy at mid-century -- American synagogue architecture and the missing Holocaust -- Synagogues in Germany: between forgetting and remembrance -- Jewish architects and secular Jewish architecture -- Toward a more Jewish modernism: Louis L. Kahn -- Jewish architecture in the postmodern era. Postmodernism, post-Holocaust culture, and architectural discourse -- The Deconstructivists: Eisenman, Libeskind, and Gehry -- Jewish architects between alienation and assimilation -- Holocaust museums: a new form of Jewish architecture -- Jewish architecture between nightmare, nostalgia, and normalcy. | |
| 650 | 0 |
_aArchitecture, Modern _y20th century. |
|
| 650 | 0 |
_aArchitecture, Modern _y21st century. |
|
| 650 | 0 | _aHolocaust, Jewish (1939-1945), and architecture. | |
| 650 | 0 | _aJudaism and architecture. | |
| 650 | 0 |
_aJews _xIdentity. |
|
| 942 | _2ddc | ||